[Event ""]
[Site ""]
[Date "????.??.??"]
[Round "4"]
[White "Ãîðèøíèé Þðèé"]
[Black "Êóòóåâà Íàòàëèÿ"]
[Result "1-0"]
[WhiteElo "2066"]
[BlackElo "1925"]
[Annotator ""]
[Source ""]
[Remark ""]

1.d4 d5 2.c4 c6 3.Nc3 Nf6 4.Nf3 e6 5.Bg5 Be7 6.e3 O-O 7.Qc2 Nbd7
8.cxd5 cxd5 9.Bd3 h6 10.Bh4 Ne8 11.Bg3 Nd6 12.O-O a6 13.Ne5 f5
14.Ne2 Nxe5 15.Bxe5 b5 16.b3 Bb7 17.Nf4 Qd7 18.Qe2 Ne4 19.Ng6
Rfe8 20.Bxe4 dxe4 21.Qh5 a5 22.Bxg7 Bg5 23.Bxh6 Bxh6 24.Qxh6
Qg7 25.Qg5 Kh7 26.Qh5+ Qh6 27.Qxh6+ Kxh6 28.Ne5 Kg7 29.Rac1 Rac8
30.Nd7 Rxc1 31.Rxc1 Rc8 32.Rxc8 Bxc8 33.Nc5 Kf6 34.f3 exf3 35.gxf3
Kg5 36.Kf2 Kh4 37.e4 fxe4 38.fxe4 Kg4 39.d5 exd5 40.exd5 Kf5
41.d6 Ke5 42.d7 1-0

[Event ""]
[Site ""]
[Date "????.??.??"]
[Round "4"]
[White "Àáäðàõìàíîâ Ðàìèñ"]
[Black "Îðëîâöåâ Àëåêñàíäð"]
[Result "1-0"]
[WhiteElo "1855"]
[BlackElo "2058"]
[Annotator ""]
[Source ""]
[Remark ""]

1.e4 d5 2.exd5 Nf6 3.Nf3 Qxd5 4.Nc3 Qa5 5.Bc4 Bf5 6.O-O e6 7.d4
c6 8.Ne5 Be7 9.g4 Bg6 10.f4 O-O 11.h4 b5 12.Bb3 b4 13.Ne2 Nxg4
14.Nxg4 Bxh4 15.Ne5 Be4 16.Be3 Na6 17.Bf2 Qd8 18.Ng3 Bd5 19.Bxd5
Qxd5 20.Qg4 Bxg3 21.Qxg3 Nc7 22.Qg2 Qxg2+ 23.Kxg2 Nd5 24.Kf3
Rac8 25.Rg1 g6 26.a3 f6 27.Nd7 Rf7 28.Nc5 e5 29.f5 Ne7 30.fxg6
Nxg6 31.axb4 Re8 32.Ne4 Rd8 33.c3 f5 34.Ng5 e4+ 35.Ke3 Re7 36.Bg3
h6 37.Nh3 Kh7 38.Nf4 Rg8 39.Nxg6 Rxg6 40.Be5 Rg4 41.Raf1 Kg6
42.Rxg4+ fxg4 43.Rf6+ Kg5 44.Rxc6 Rf7 45.d5 h5 46.Rc7 Rf8 47.d6
h4 48.Rg7+ Kf5 49.Bf4 g3 50.d7 Kf6 51.Rg4 Ke6 52.Rxh4 Kxd7 53.Rg4
Kc6 54.Rxg3 Re8 1-0

[Event ""]
[Site ""]
[Date "????.??.??"]
[Round "4"]
[White "Çèìåíêî Áîðèñ"]
[Black "Èñàåâ Åâãåíèé"]
[Result "1/2-1/2"]
[WhiteElo "2054"]
[BlackElo "1897"]
[Annotator ""]
[Source ""]
[Remark ""]

1.e4 e6 2.d4 b6 3.a3 Bb7 4.Nc3 c5 5.Nf3 cxd4 6.Nxd4 Nf6 7.Bd3
Nc6 8.Nf3 Be7 9.O-O d5 10.exd5 Nxd5 11.Ne4 Qc7 12.Qe2 Nf4 13.Bxf4
Qxf4 14.Rfd1 O-O 15.Ng3 Rad8 16.Qe4 Qxe4 17.Nxe4 Nd4 18.Nxd4
Rxd4 19.Ng3 Rfd8 20.Be2 Bf6 21.Rxd4 Rxd4 22.Bd3 e5 23.Re1 g6
24.Ne4 Bg7 25.f3 Bxe4 26.Rxe4 Rxe4 27.Bxe4 Kf8 1/2-1/2

[Event ""]
[Site ""]
[Date "????.??.??"]
[Round "4"]
[White "Èãóäåñìàí Áîðèñ"]
[Black "Ïÿòíèöûí Ìàêñèì"]
[Result "1-0"]
[WhiteElo "1830"]
[BlackElo "2030"]
[Annotator ""]
[Source ""]
[Remark ""]

1.e4 c6 2.d4 d5 3.e5 Bf5 4.Ne2 e6 5.Ng3 Bg6 6.h4 h5 7.Be2 Be7
8.Nxh5 Bxh5 9.Bxh5 g6 10.Be2 Rxh4 11.Rxh4 Bxh4 12.g3 Be7 13.Bd3
Qa5+ 14.Kf1 Na6 15.c3 O-O-O 16.b4 Qb6 17.Be3 f5 18.a4 Rf8 19.b5
Nb8 20.a5 Qc7 21.c4 g5 22.f4 gxf4 23.Bxf4 Bd8 24.cxd5 cxd5 25.Nd2
Qg7 26.a6 b6 27.Rc1+ Kd7 28.Qc2 Ne7 29.Nf3 Rh8 30.Kg2 Rh5 31.Qc3
Ke8 32.Kf2 Nd7 33.Qb4 Qg6 34.Qd6 Qg8 35.Rc6 Nf8 36.Qb8 Nxc6 37.bxc6
Qg7 38.Bb5 Qe7 39.Bg5 Rxg5 40.Nxg5 1-0

[Event ""]
[Site ""]
[Date "????.??.??"]
[Round "4"]
[White "Êîâàëåâ Åâãåíèé"]
[Black "Âûñîöêèé Àëåêñàíäð"]
[Result "0-1"]
[WhiteElo "1830"]
[BlackElo "2030"]
[Annotator ""]
[Source ""]
[Remark ""]

1.e4 c5 2.Nf3 e6 3.d4 cxd4 4.Nxd4 a6 5.Be2 Nf6 6.Nc3 Bb4 7.Qd3
b5 8.O-O Qc7 9.Bf3 Nc6 10.Nxc6 dxc6 11.a3 Be7 12.b4 O-O 13.Bb2
e5 14.g3 Be6 15.Qe3 a5 16.bxa5 Rxa5 17.Nb1 Rd8 18.Rd1 Rxd1+ 19.Bxd1
Ra8 20.Nd2 Nd7 21.Qc3 f6 22.Nb3 Ra4 23.Be2 Qb6 24.Bf3 Nc5 25.Nxc5
Bxc5 26.Qd2 Ra8 27.Kg2 Rd8 28.Qe1 Kf7 29.Rd1 Ra8 30.Ra1 Ra4 31.Qd2
Bd4 32.Bxd4 Qxd4 33.Qxd4 exd4 34.e5 c5 35.exf6 Kxf6 36.Bc6 Ra5
37.Rb1 Bc4 38.f4 Rxa3 39.Bxb5 Ra2 40.Bxc4 Rxc2+ 41.Kf3 Rxc4 0-1

[Event ""]
[Site ""]
[Date "????.??.??"]
[Round "4"]
[White "Àðáóçîâ Èâàí"]
[Black "Ãëîäÿí Äìèòðèé"]
[Result "0-1"]
[WhiteElo "1802"]
[BlackElo "2020"]
[Annotator ""]
[Source ""]
[Remark ""]

1.e4 e6 2.d4 d5 3.Nc3 Nf6 4.Bg5 Be7 5.e5 Nfd7 6.h4 a6 7.Nf3 c5
8.dxc5 Nxc5 9.Bd3 h6 10.Bxe7 Qxe7 11.O-O Nc6 12.Re1 O-O 13.Qe2
f6 14.g3 f5 15.a3 Ne4 16.Kg2 Qc7 17.Nd1 Nxe5 18.Nxe5 Qxe5 19.f4
Qf6 20.c3 b5 21.a4 Qg6 22.Bxe4 fxe4 23.h5 Qe8 24.axb5 a5 25.b3
Bb7 26.Ne3 e5 27.Rf1 Rc8 28.c4 d4 29.Nd5 Bxd5 30.cxd5 e3 31.f5
Qd8 32.Qf3 Rc5 33.Rfc1 Rxc1 34.Rxc1 Qd7 35.g4 Qxb5 36.Rc6 e2
37.Kf2 d3 38.Rc3 Qb6+ 0-1

[Event ""]
[Site ""]
[Date "????.??.??"]
[Round "4"]
[White "Ñóäàðåâ Îëåã"]
[Black "Ìèðîíîâà Íàòàëüÿ"]
[Result "1/2-1/2"]
[WhiteElo "2009"]
[BlackElo "1844"]
[Annotator ""]
[Source ""]
[Remark ""]

1.e4 e6 2.d4 d5 3.Nc3 Bb4 4.e5 c5 5.a3 Bxc3+ 6.bxc3 Ne7 7.Nf3
Nbc6 8.Bd3 h6 9.O-O O-O 10.Kh1 f5 11.Rg1 Ng6 12.g4 Nce7 13.h4
c4 14.Be2 fxg4 15.Rxg4 Rf5 16.Qg1 Qe8 17.Qh2 h5 18.Rg5 Qf7 19.Qg3
Nf8 20.a4 Nh7 21.Ba3 Nxg5 22.Nxg5 Qe8 23.Rg1 Rf8 24.Qg2 Rf4 25.Nh3
Rg4 26.Bxg4 hxg4 27.Qxg4 Nf5 28.h5 Qd7 1/2-1/2

[Event ""]
[Site ""]
[Date "????.??.??"]
[Round "4"]
[White "Ñìèðíîâ Íèêîëàé"]
[Black "Ñåðãèåíêî Àíòîí"]
[Result "0-1"]
[WhiteElo "2083"]
[BlackElo "1902"]
[Annotator ""]
[Source ""]
[Remark ""]

1.d4 d5 2.c4 e6 3.cxd5 exd5 4.Qc2 Bb4+ 5.Bd2 Nc6 6.e3 Qe7 7.Nf3
Bg4 8.Bb5 Bd7 9.O-O Nf6 10.Nc3 O-O 11.Rfe1 Bxc3 12.Bxc3 Ne4 13.a3
a6 14.Bxc6 Bxc6 15.Bb4 Nd6 16.Ne5 Be8 17.Rac1 c6 18.e4 dxe4 19.Rxe4
Qf6 20.Ng4 Qg6 21.Rf4 f5 22.Ne5 Qh6 23.Rf3 Rf6 24.Bxd6 Rxd6 25.Qc4+
Rd5 26.Rxf5 b5 27.Qc3 Rad8 28.h3 Rxd4 29.Nxc6 Bxc6 30.Qb3+ Bd5
31.Qe3 Qxe3 32.fxe3 Rd2 33.Rf2 Rxf2 34.Kxf2 0-1

[Event ""]
[Site ""]
[Date "????.??.??"]
[Round "4"]
[White "Àëèåâà Íóðëàíà"]
[Black "Õîáîòîâà Îëåñÿ"]
[Result "0-1"]
[WhiteElo "1873"]
[BlackElo "1931"]
[Annotator ""]
[Source ""]
[Remark ""]

1.e4 d5 2.exd5 Qxd5 3.Nc3 Qd6 4.Nf3 Nf6 5.d4 a6 6.Bd3 Nc6 7.O-O
Bg4 8.Be3 O-O-O 9.Ne4 Nxe4 10.Bxe4 f5 11.Bxc6 Qxc6 12.Qd3 Qf6
13.Ne5 Bh5 14.a4 e6 15.a5 f4 16.Bd2 Bd6 17.Nc4 f3 18.c3 fxg2
19.Rfe1 Rhf8 20.Nxd6+ Rxd6 21.Be3 Bf3 22.b4 Qh4 23.b5 Rf5 24.Qd2
e5 25.bxa6 bxa6 26.Qa2 Bd5 27.Qa4 Rh5 28.Qe8+ Rd8 29.Qxh5 Qxh5
30.dxe5 Qxe5 31.Bd4 Qg5 32.Re5 Qh4 33.Rb1 Bb7 34.Rbe1 h5 35.Re7
g6 36.Rg7 Qg4 37.Be5 Rd1 38.Rg8+ Kd7 39.Rg7+ Ke8 40.Rg8+ Kf7
41.Rg7+ Kf8 0-1

[Event ""]
[Site ""]
[Date "????.??.??"]
[Round "4"]
[White "Ïëàòîíîâà Ëþáîâü"]
[Black "Ôèëîíåíêî Åëåíà"]
[Result "1/2-1/2"]
[WhiteElo "1930"]
[BlackElo "1559"]
[Annotator ""]
[Source ""]
[Remark ""]

1.c4 c6 2.d4 d5 3.e3 e6 4.Nc3 Nf6 5.Bd3 dxc4 6.Bxc4 Be7 7.Nf3
O-O 8.O-O Nbd7 9.Re1 b5 10.Bd3 a6 11.Bd2 Bb7 12.Rc1 c5 13.Bb1
Rc8 14.Ne5 Bd6 15.Nxd7 Qxd7 16.Ne2 Qc6 17.f3 Qd5 18.e4 Qh5 19.e5
Bb8 20.Nf4 Qh4 21.g3 Qh6 22.Nxe6 Qh3 23.Nf4 Qd7 24.exf6 Qxd4+
25.Kg2 Qxf6 26.Qc2 g6 27.Bc3 Qg5 28.h4 Qg4 29.Re4 Bxe4 30.Qxe4
Qd7 31.Nd5 f5 32.Qd3 Qd6 33.Nf6+ Rxf6 34.Bxf6 Qxf6 35.Qd5+ Kf8
36.Rxc5 Qxb2+ 37.Bc2 Re8 38.Kh3 Qa1 39.Bxf5 Qe1 40.f4 Qf1+ 41.Kg4
Qe2+ 42.Kh3 Qf1+ 43.Kg4 Qe2+ 1/2-1/2

[Event ""]
[Site ""]
[Date "????.??.??"]
[Round "4"]
[White "Àíòîíîâ Èâàí"]
[Black "Øìàðèíà Äàðüÿ"]
[Result "1-0"]
[WhiteElo "2027"]
[BlackElo "1757"]
[Annotator ""]
[Source ""]
[Remark ""]

1.b3 e5 2.Bb2 Nc6 3.e3 Nf6 4.Bb5 Bd6 5.Na3 Na5 6.Nf3 e4 7.Nd4
O-O 8.O-O c6 9.Be2 Qc7 10.h3 b5 11.f4 Ne8 12.Qe1 f5 13.Qg3 Be7
14.Bh5 Bf6 15.Bxe8 Rxe8 16.Ndxb5 cxb5 17.Bxf6 g6 18.Be5 Qc5 19.Nb1
Nc6 20.Bf6 Rf8 21.Bg5 Qxc2 22.h4 Qb2 23.Nc3 Qxd2 24.Rac1 b4 25.Rfd1
Qb2 26.Nd5 Ba6 27.Bh6 Rf7 28.h5 Kh8 29.hxg6 hxg6 30.Nc7 Rh7 31.Bg5
Be2 32.Nxa8 Bxd1 33.Rxd1 d5 34.Qe1 d4 35.Bf6+ Kg8 36.Bxd4 Qxa2
37.Qg3 Nxd4 38.exd4 Qe2 39.Rc1 Rh6 40.Re1 Qc2 1-0

[Event ""]
[Site ""]
[Date "????.??.??"]
[Round "5"]
[White "Ðîä÷åíêîâ Âèòàëèé"]
[Black "Çàáîòèí Àëåêñàíäð"]
[Result "0-1"]
[WhiteElo "2414"]
[BlackElo "2491"]
[Annotator ""]
[Source ""]
[Remark ""]

1.e4 c5 2.Nf3 Nc6 3.Bc4 e6 4.O-O Qc7 5.Re1 a6 6.c3 Nf6 7.d4 b5
8.Bf1 cxd4 9.cxd4 Be7 10.a4 bxa4 11.Nc3 Nb4 12.Bg5 O-O 13.Rxa4
Rb8 14.Qd2 h6 15.Bh4 Rb6 16.e5 Nfd5 17.Bxe7 Nxe7 18.Nb5 axb5
19.Rxb4 Bb7 20.Rc1 Rc6 21.Rxc6 Bxc6 22.Rb3 Ra8 23.Ne1 d6 24.Nd3
Ra1 25.Rc3 dxe5 26.Nxe5 Qd6 27.Rc1 Rxc1 28.Qxc1 Be8 29.Qc5 Qxc5
30.dxc5 f6 31.Nf3 e5 32.Nd2 Nf5 33.Nb3 Kf7 34.Bd3 Ke6 35.Kf1
Ne7 36.Ke2 Kd5 37.Kd2 b4 38.Be2 Ba4 39.Nc1 e4 40.f3 f5 41.Ke3
g5 42.fxe4+ fxe4 43.Bg4 Ke5 44.Ne2 Nd5+ 45.Kd2 Nf4 46.Nxf4 gxf4
47.g3 e3+ 0-1

[Event ""]
[Site ""]
[Date "????.??.??"]
[Round "5"]
[White "Ãóáàéäóëëèí Àëåêñåé"]
[Black "Áðàãèí Àëåêñàíäð"]
[Result "1/2-1/2"]
[WhiteElo "2441"]
[BlackElo "2396"]
[Annotator ""]
[Source ""]
[Remark ""]

1.Nf3 Nf6 2.c4 g6 3.b4 Bg7 4.Bb2 O-O 5.e3 d6 6.Be2 e5 7.O-O Re8
8.d3 Nbd7 9.Nc3 Nf8 10.Nd2 h5 11.a4 Bf5 12.a5 a6 13.Bf3 Bxd3
14.Bxb7 Rb8 15.Bc6 Bxf1 16.Qxf1 Rxb4 17.Ba3 Rb8 18.Nd5 Re6 19.Nf3
Ne4 20.Nb4 Nc5 21.Bd5 Qf6 22.Nc6 Rb3 23.Bxc5 dxc5 24.Nd2 Rb2
25.Ne4 Qf5 26.Qc1 Rb4 27.Bxe6 Qxe4 28.Bd5 Qd3 29.Nxb4 cxb4 30.Qd1
e4 31.Qxd3 exd3 32.Rb1 d2 33.Kf1 Nd7 34.Ke2 Bc3 35.Kd1 Nc5 36.Kc2
Kf8 37.f4 f5 38.g3 Ke7 39.h3 Kf6 40.Rg1 Na4 41.Bf3 Nb2 42.Be2
d1Q+ 43.Bxd1 Nxc4 44.Be2 Nxa5 45.Rd1 Ke6 46.Bxa6 Bg7 47.Bc8+
Kf6 48.Rd7 Nc4 49.Rxc7 Nxe3+ 50.Kb3 Bf8 51.Rc1 Nd5 52.Rc6+ Ke7
53.Be6 Nc3 54.Rc7+ Kf6 55.Bc4 Be7 56.Bd3 Ke6 57.Rc6+ Kf7 58.g4
hxg4 59.hxg4 Bf8 60.Bc4+ Kg7 61.Rc7+ Kh8 62.Rf7 Bd6 63.gxf5 gxf5
64.Rxf5 Ne4 65.Bd5 Nc5+ 66.Kc2 Kg7 67.Rf7+ Kg6 68.f5+ Kg5 69.Be6
Be5 70.Rc7 b3+ 71.Bxb3 Nxb3 72.Kxb3 Bf6 73.Kc4 Kxf5 1/2-1/2

[Event ""]
[Site ""]
[Date "????.??.??"]
[Round "5"]
[White "Áåëèêîâ Þðèé"]
[Black "Ëàâðèê Äìèòðèé"]
[Result "1/2-1/2"]
[WhiteElo "2290"]
[BlackElo "2387"]
[Annotator ""]
[Source ""]
[Remark ""]

1.Nf3 c5 2.g3 b6 3.Bg2 Bb7 4.O-O Nf6 5.d3 d5 6.c4 g6 7.Nc3 d4
8.Nb5 a6 9.Na3 Bg7 10.Nc2 a5 11.Na3 O-O 12.Nb5 Na6 13.a3 Re8
14.Bd2 Nc7 15.Nxc7 Qxc7 16.Bf4 e5 17.Bg5 e4 18.Nd2 Nh5 19.Nxe4 1/2-1/2

[Event ""]
[Site ""]
[Date "????.??.??"]
[Round "5"]
[White "Ïðîñâèðíèí Ëåâ"]
[Black "Äîáðîâ Âëàäèìèð"]
[Result "0-1"]
[WhiteElo "2241"]
[BlackElo "2519"]
[Annotator ""]
[Source ""]
[Remark ""]

1.d4 Nf6 2.Nf3 d5 3.c4 e6 4.e3 dxc4 5.Bxc4 a6 6.O-O b5 7.Bd3
Bb7 8.a4 b4 9.Nbd2 c5 10.Qe2 Nbd7 11.Nb3 cxd4 12.exd4 Bd6 13.Ne5
Bxe5 14.dxe5 Nxe5 15.Bb5+ Ned7 16.Bd3 Bd5 17.Nd2 Nc5 18.Bc2 b3
19.Bb1 Qd7 20.Nc4 Qc6 21.Ne5 Qb7 22.f3 O-O 23.Be3 Rfc8 24.Rd1
Ncd7 25.Bd4 Qb4 26.Qe3 Nxe5 27.Qxe5 Rc4 28.Qe3 Nd7 29.Qd3 f5
30.Qe3 Rac8 31.Ba7 Qd6 32.Bd3 Rh4 33.h3 Ne5 34.Bf1 Rc2 35.Qxb3
Qc7 36.Qb8+ Qxb8 37.Bxb8 Nc6 38.Bd6 a5 39.Bd3 Rxb2 40.Bxf5 Bb3
41.Rdb1 Rxb1+ 42.Rxb1 exf5 43.Rxb3 Rxa4 44.Rc3 Nd4 45.Rc7 Nb5
46.Rc8+ Kf7 47.Be5 Rb4 48.Ra8 a4 49.Kf2 a3 50.f4 g6 51.Ra6 Rb2+
52.Kf3 Rb3+ 0-1

[Event ""]
[Site ""]
[Date "????.??.??"]
[Round "5"]
[White "Ñåìåíåíêî Ñåðãåé"]
[Black "Àëåøèí Îëåã"]
[Result "0-1"]
[WhiteElo "2173"]
[BlackElo "2374"]
[Annotator ""]
[Source ""]
[Remark ""]

1.d4 Nf6 2.c4 e6 3.Nc3 Bb4 4.e3 O-O 5.Nge2 Re8 6.a3 Bf8 7.d5
d6 8.g3 Nbd7 9.dxe6 Rxe6 10.Bg2 Re8 11.O-O Ne5 12.b3 Rb8 13.Bb2
a6 14.a4 g6 15.Qc2 Bg7 16.Rad1 b6 17.Nf4 h5 18.h3 Bb7 19.Nfd5
Ned7 20.Rd2 Nc5 21.Rfd1 a5 22.Re2 Na6 23.Ba3 Nd7 24.Red2 Ndc5
25.Ne4 Nxe4 26.Bxe4 Nc5 27.Bg2 Bc8 28.Nc3 Bf5 29.e4 Bxc3 30.Qxc3
Bxe4 31.Bxc5 bxc5 32.Bxe4 Rxe4 33.Qxa5 Qc8 34.Rd3 Rb4 35.h4 Qb7 0-1

[Event ""]
[Site ""]
[Date "????.??.??"]
[Round "5"]
[White "Øêàëîâ Îëåã"]
[Black "Ãðàíîâñêèé Àëåêñàíäð"]
[Result "1-0"]
[WhiteElo "2222"]
[BlackElo "2356"]
[Annotator ""]
[Source ""]
[Remark ""]

1.d4 d5 2.c4 e6 3.Nc3 Nf6 4.Bg5 Be7 5.e3 Nbd7 6.cxd5 Nxd5 7.Bxe7
Qxe7 8.Bd3 O-O 9.Nxd5 exd5 10.Ne2 Nf6 11.O-O Bg4 12.Qc2 c6 13.Rfc1
g6 14.Rab1 Ne8 15.b4 a6 16.Qc5 Nd6 17.a4 Bf5 18.Bxf5 Nxf5 19.Rb2
Qd7 20.Nc3 Rfc8 21.a5 Re8 22.Na4 Rab8 23.Qc3 Nd6 24.Re2 Re7 25.Nc5
Qg4 26.f3 Qh4 27.Rce1 Rbe8 28.g3 Qf6 29.Kg2 Qg7 30.Qd3 Nf5 31.g4
Nh4+ 32.Kg3 g5 33.e4 Ng6 34.exd5 Nf4 35.Rxe7 Rxe7 36.Rxe7 Qh6
37.Re8+ Kg7 38.Ne6+ fxe6 39.Re7+ Kg8 40.Qxh7+ Qxh7 41.Rxh7 Kxh7
42.d6 e5 43.dxe5 Ne6 44.h4 gxh4+ 45.Kxh4 Kg6 46.d7 c5 47.bxc5
Kf7 48.f4 Ke7 49.f5 Nxc5 50.e6 1-0

[Event ""]
[Site ""]
[Date "????.??.??"]
[Round "5"]
[White "Îêðóãèí Ñåðãåé"]
[Black "Ìàëûãèí Àëåêñàíäð"]
[Result "1-0"]
[WhiteElo "2354"]
[BlackElo "2164"]
[Annotator ""]
[Source ""]
[Remark ""]

1.e4 e5 2.Nf3 Nf6 3.Nc3 Bb4 4.Nxe5 O-O 5.Nd3 Bxc3 6.dxc3 Nxe4
7.Nf4 Re8 8.Be3 Nc6 9.Qf3 Ng5 10.Qh5 Ne5 11.O-O-O d6 12.h3 c6
13.Nd3 Nxd3+ 14.Bxd3 h6 15.Rhe1 Bd7 16.h4 Ne6 17.g4 Qf6 18.g5
Nf4 19.gxf6 Nxh5 20.fxg7 Bg4 21.Rd2 Re6 22.Rg1 f5 23.b4 Rae8
24.Bxa7 Re1+ 25.Rxe1 Rxe1+ 26.Kb2 Kxg7 27.f3 Bxf3 28.Bxf5 d5
29.Bd4+ Kg8 30.Rf2 Bh1 31.Bg6 Ng3 32.Rf7 Ne4 33.Rxb7 Kf8 34.Bg7+ 1-0

[Event ""]
[Site ""]
[Date "????.??.??"]
[Round "5"]
[White "Øóëàêîâà Ñâåòëàíà"]
[Black "Èëþøêèí Åâãåíèé"]
[Result "1/2-1/2"]
[WhiteElo "2158"]
[BlackElo "2351"]
[Annotator ""]
[Source ""]
[Remark ""]

1.d4 Nf6 2.c4 e6 3.Nc3 Bb4 4.Qc2 O-O 5.a3 Bxc3+ 6.Qxc3 b6 7.Bg5
Bb7 8.f3 d5 9.e3 Nbd7 10.cxd5 exd5 11.Bd3 c5 12.Ne2 Ne4 13.Bxd8
Nxc3 14.Bh4 Nxe2 15.Kxe2 Bc6 16.dxc5 bxc5 17.Bg3 Rfe8 18.Kd2
Ne5 19.Bxe5 Rxe5 20.Rhc1 c4 21.b3 Rg5 22.Bf1 Bb5 23.bxc4 Bxc4
24.g4 Bxf1 25.Rxf1 h5 26.h3 Rg6 27.Rab1 Ra6 28.Rb3 hxg4 29.hxg4
Rc8 30.Rc1 Rxc1 31.Kxc1 Kf8 32.Kd2 Ke7 33.Kd3 Kd6 34.Kc3 g6 35.Kd3
Ra4 36.Rc3 Ra5 37.Rb3 Ke5 38.Rc3 Ra6 39.Rb3 Ra5 40.Rc3 Ra6 1/2-1/2

[Event ""]
[Site ""]
[Date "????.??.??"]
[Round "5"]
[White "Ìàñëîâ Ìèõàèë"]
[Black "Ãàëèåâ Àçàò"]
[Result "1-0"]
[WhiteElo "2325"]
[BlackElo "2200"]
[Annotator ""]
[Source ""]
[Remark ""]

1.c4 c5 2.Nc3 Nf6 3.g3 d5 4.cxd5 Nxd5 5.Bg2 Nc7 6.Nf3 Nc6 7.O-O
e5 8.d3 Be7 9.Be3 O-O 10.Nd2 Qd7 11.Qa4 Rb8 12.Rac1 Nd4 13.Qxd7
Bxd7 14.f4 Ncb5 15.Rfe1 Nf5 16.Nd5 Nxe3 17.Nxe7+ Kh8 18.Rxc5
exf4 19.gxf4 Nd4 20.Bf3 Rfe8 21.Nd5 Ne6 22.Ra5 Nxd5 23.Rxd5 Bc6
24.Rf5 Nd4 25.Re5 Rxe5 26.fxe5 Re8 27.Bxc6 Nxc6 28.Nc4 Nxe5 29.Nxe5
Rxe5 30.e4 Rc5 31.Re2 Kg8 32.Kf2 Kf8 33.Ke3 Ke7 34.Kd4 Rc8 35.Ke3
Ke6 36.d4 g6 37.Kf4 f6 38.Rd2 Rc1 39.Ke3 f5 40.Re2 Rd1 41.exf5+
Kxf5 42.Rc2 Rb1 43.Kd3 h5 44.Kc4 Rd1 45.Re2 g5 46.Kc5 Kg4 47.d5
Kh3 48.Re5 Kg4 49.d6 1-0

[Event ""]
[Site ""]
[Date "????.??.??"]
[Round "5"]
[White "Òóìàêîâ Äìèòðèé"]
[Black "Ïóòåíèõèí Îëåã"]
[Result "1/2-1/2"]
[WhiteElo "2312"]
[BlackElo "2061"]
[Annotator ""]
[Source ""]
[Remark ""]

1.d4 e6 2.Nf3 d5 3.c4 c6 4.e3 Nf6 5.Nc3 Nbd7 6.Qc2 Bd6 7.Bd3
dxc4 8.Bxc4 O-O 9.b3 e5 10.Bb2 Qc7 11.O-O-O a6 12.Bd3 exd4 13.exd4
Nb6 14.Kb1 Nbd5 15.Nxd5 cxd5 16.Qxc7 Bxc7 17.Ba3 Re8 18.Rde1
Ne4 19.Bxe4 Rxe4 20.Rxe4 dxe4 21.Re1 Bd7 22.Ne5 Be6 23.Rc1 Ba5
24.Nc4 Bc7 25.Nd6 Bxd6 26.Bxd6 1/2-1/2

[Event ""]
[Site ""]
[Date "????.??.??"]
[Round "5"]
[White "Êîçûðåâ Ñåðãåé"]
[Black "Ìèøèí Àëåêñåé"]
[Result "1-0"]
[WhiteElo "2282"]
[BlackElo "2285"]
[Annotator ""]
[Source ""]
[Remark ""]

1.Nf3 c5 2.c4 Nf6 3.Nc3 d5 4.cxd5 Nxd5 5.e3 g6 6.Qb3 Nb6 7.Bb5+
N8d7 8.O-O Bg7 9.d4 cxd4 10.exd4 O-O 11.Be3 Nf6 12.h3 Be6 13.Qd1
Nfd5 14.Qd2 Nxc3 15.bxc3 Bd5 16.Be2 Rc8 17.Rfc1 Bc4 18.Rab1 Qd5
19.Bxc4 Rxc4 20.Rb4 Rfc8 21.Rxc4 Rxc4 22.Rc2 Na4 23.Qe1 b5 24.Rc1
Rc6 25.Qd2 Nb6 26.Ne1 Nc4 27.Qe2 Ra6 28.Rc2 Re6 29.Qd3 Na3 30.Re2
Ra6 31.Bc1 e6 32.Bxa3 Rxa3 33.Qc2 Qc4 34.Re3 Rxa2 35.Qe4 Bh6
36.Rf3 Re2 37.Qa8+ Kg7 38.Nd3 Qc7 39.g3 Bd2 40.Nc5 a5 41.Qe8
Re1+ 42.Kg2 f5 43.Qxb5 Kh6 44.Qe8 Qd6 45.Nd3 Bxc3 46.Nxe1 Bxe1
47.Re3 Qd5+ 48.Kg1 Bb4 49.Qxe6 Qxd4 50.Qe5 Qxe5 51.Rxe5 a4 52.Rb5
Bc3 53.Rc5 Bb2 54.Ra5 a3 55.Ra7 Kg5 56.Ra6 f4 57.Kg2 fxg3 58.fxg3
Kf5 59.Kf3 Ke5 60.Ke3 Kd5 61.Kd3 Kc5 62.Kc2 Kd5 63.Ra4 Ke5 64.Kd3
Kf5 65.Ra5+ Be5 66.g4+ Kf4 67.Rxa3 Bd6 68.Rb3 Kg3 69.Ke2+ Kg2
70.h4 1-0

[Event ""]
[Site ""]
[Date "????.??.??"]
[Round "5"]
[White "Îñîáëèâûé Ãðèãîðèé"]
[Black "Äàâûäÿíö Ýäóàðä"]
[Result "1/2-1/2"]
[WhiteElo "2282"]
[BlackElo "2034"]
[Annotator ""]
[Source ""]
[Remark ""]

1.e4 c5 2.Nf3 d6 3.Bb5+ Bd7 4.Bxd7+ Qxd7 5.O-O Nc6 6.d4 cxd4
7.Nxd4 Nf6 8.Re1 g6 9.b3 Bg7 10.Bb2 O-O 11.Nd2 a6 12.c4 Rac8
13.N2f3 Nxd4 14.Qxd4 b5 15.Rac1 Rfd8 16.h3 Qb7 17.Qd3 bxc4 18.Rxc4
Rxc4 19.Qxc4 Rc8 20.Qd3 Nd7 21.Bxg7 Kxg7 22.Qd4+ Kg8 23.e5 Nxe5
24.Nxe5 dxe5 25.Rxe5 Rc1+ 26.Kh2 Qc7 27.f4 Rc2 28.Rd5 f6 29.Rd8+
Kg7 30.Rd7 Qc6 31.Rxe7+ Kh6 32.Qg1 Qf3 33.f5 g5 34.a4 Rf2 35.Re4
Qxf5 36.Qe1 a5 37.b4 Rf4 38.Rxf4 Qxf4+ 39.g3 Qxb4 40.Qxb4 axb4
41.a5 b3 42.a6 b2 43.a7 b1Q 44.a8Q Qc2+ 45.Kg1 Qd1+ 46.Kf2 Qd4+ 1/2-1/2

[Event ""]
[Site ""]
[Date "????.??.??"]
[Round "5"]
[White "Ñàìîéëîâ Àíòîí"]
[Black "Òðîôèìîâ Âëàäèìèð"]
[Result "1/2-1/2"]
[WhiteElo "2258"]
[BlackElo "2141"]
[Annotator ""]
[Source ""]
[Remark ""]

1.d4 Nf6 2.c4 g6 3.Nc3 Bg7 4.e4 d6 5.f3 O-O 6.Bg5 Nc6 7.Qd2 e5
8.dxe5 Nxe5 9.Rd1 h6 10.Be3 Be6 11.b3 Re8 12.Nge2 Qe7 13.Nd4
Bd7 14.Be2 Kh7 15.O-O a6 16.Kh1 Rad8 17.Bf2 c5 18.Nc2 Bc6 19.Ne3
h5 20.Bh4 Nxe4 21.Qe1 Bf6 22.Bxf6 Nxf6 23.Qd2 Kg7 24.Rfe1 Qc7
25.f4 Neg4 26.Bxg4 hxg4 27.Qb2 Kg8 28.f5 Re5 29.Ncd5 Bxd5 30.Nxd5
Nxd5 31.Rxe5 dxe5 32.cxd5 gxf5 33.Qf2 Qd7 34.Qh4 e4 35.Qg5+ Kf8
36.d6 Re8 37.Qf6 Kg8 38.Qg5+ Kf8 39.Qf6 Kg8 40.Qg5+ Kf8 1/2-1/2

[Event ""]
[Site ""]
[Date "????.??.??"]
[Round "5"]
[White "Ðàêîâ Àíàòîëèé"]
[Black "Êîáà Èãîðü"]
[Result "1/2-1/2"]
[WhiteElo "2074"]
[BlackElo "2242"]
[Annotator ""]
[Source ""]
[Remark ""]

1.d4 Nf6 2.Nf3 c5 3.c3 e6 4.Bf4 Nc6 5.e3 d5 6.Bd3 Bd6 7.Bxd6
Qxd6 8.Nbd2 e5 9.dxe5 Nxe5 10.Nxe5 Qxe5 11.Bb5+ Bd7 12.Bxd7+
Nxd7 13.Nf3 Qe6 14.O-O O-O 15.Qa4 Nf6 16.Qh4 1/2-1/2

[Event ""]
[Site ""]
[Date "????.??.??"]
[Round "5"]
[White "Ïðîñâåòîâ Âàëåðèé"]
[Black "Ñîêîëîâ Èãîðü"]
[Result "0-1"]
[WhiteElo "2103"]
[BlackElo "2281"]
[Annotator ""]
[Source ""]
[Remark ""]

1.d4 Nf6 2.Nc3 d5 3.Bg5 Bf5 4.e3 e6 5.Bd3 Bg6 6.Nf3 Be7 7.Ne5
Nbd7 8.Bxg6 hxg6 9.Nxd7 Qxd7 10.Bxf6 Bxf6 11.Qd3 c5 12.dxc5 Rc8
13.Nd1 Rxc5 14.c3 Qc7 15.h3 g5 16.g3 g4 17.Qf1 gxh3 18.Rc1 b5
19.a3 d4 20.exd4 Bxd4 21.Rxh3 Qe5+ 22.Kd2 Rxh3 23.Qxh3 Rd5 24.Kc2
Bxf2 25.Nxf2 Qe2+ 26.Kb3 Rd2 27.Qh8+ Kd7 28.Nd3 Qxd3 29.Ka2 Qxg3
30.Qa8 Qc7 31.Rh1 Ke7 32.Rh4 Qd7 33.c4 bxc4 34.Rxc4 Qd5 35.Qxa7+
Kf6 36.Qc5 Qxc5 37.Rxc5 g5 38.Rc3 g4 39.a4 Kg5 40.a5 f5 41.a6
f4 42.a7 Rd8 43.b4 f3 44.b5 f2 45.Rc1 g3 46.b6 g2 47.b7 f1Q 48.Rxf1
gxf1Q 49.b8Q Qc4+ 50.Qb3 0-1

[Event ""]
[Site ""]
[Date "????.??.??"]
[Round "5"]
[White "Íîâèöêèé Ëåîíèä"]
[Black "Äåìèäîâ Àëåêñàíäð"]
[Result "1-0"]
[WhiteElo "2113"]
[BlackElo "2261"]
[Annotator ""]
[Source ""]
[Remark ""]

1.e4 e5 2.Nc3 Nc6 3.f4 exf4 4.d4 Qh4+ 5.Ke2 d6 6.Nf3 Bg4 7.Bxf4
Nf6 8.Be3 Be7 9.Kd2 Bxf3 10.gxf3 O-O 11.Qe1 Qxe1+ 12.Rxe1 Ne8
13.Bh3 Bf6 14.Ne2 g6 15.c3 Bg7 16.Rhg1 Nf6 17.Rg2 Rfe8 18.Ng3
Ne7 19.Kd3 Rad8 20.a3 Nd7 21.b4 Kh8 22.b5 d5 23.e5 c6 24.bxc6
bxc6 25.Bg5 h6 26.Bxd7 Rxd7 27.Bf6 Ng8 28.Bxg7+ Kxg7 29.Rb1 Kf8
30.Rgb2 Ne7 31.Rb7 Red8 32.Rxd7 Rxd7 33.Rb8+ Kg7 34.a4 c5 35.dxc5
Nc6 36.Re8 Nd8 37.Kd4 h5 38.Rxd8 Rxd8 39.c6 h4 40.Ne2 Kf8 41.Kc5
Ke7 42.c7 Rh8 43.Kc6 Ke6 44.Nd4+ Kxe5 45.Kd7 f5 46.c8Q Rxc8 47.Kxc8
g5 48.Kb7 g4 49.fxg4 fxg4 50.Kxa7 1-0

[Event ""]
[Site ""]
[Date "????.??.??"]
[Round "5"]
[White "Óëÿøîâ Äìèòðèé"]
[Black "Ãèëåâ Äìèòðèé"]
[Result "1/2-1/2"]
[WhiteElo "2256"]
[BlackElo "2095"]
[Annotator ""]
[Source ""]
[Remark ""]

1.e4 c5 2.Nf3 d6 3.d4 cxd4 4.Qxd4 Nc6 5.Bb5 Bd7 6.Bxc6 bxc6 7.Nc3
e5 8.Qd3 Nf6 9.Bg5 h6 10.Bh4 Rb8 11.b3 g5 12.Bg3 Be7 13.Nd2 Be6
14.O-O-O Qb6 15.h4 g4 16.h5 Qd4 17.Qxd4 exd4 18.Ne2 c5 19.e5
dxe5 20.Bxe5 Rd8 21.Nf4 Bf5 22.Nd3 Bxd3 23.cxd3 O-O 24.Bxf6 Bxf6
25.Kb2 Rfe8 26.Rhe1 Kf8 27.Rxe8+ Rxe8 28.Ne4 Bh4 29.g3 Be7 30.Rc1
Rc8 31.f4 f5 32.Nd2 Re8 33.Re1 Bd6 34.Rxe8+ Kxe8 35.Nc4 Bc7 36.Ka3
Kd7 37.b4 Kc6 38.Ka4 a6 39.a3 cxb4 40.Kxb4 Kd5 1/2-1/2

[Event ""]
[Site ""]
[Date "????.??.??"]
[Round "5"]
[White "Êîíîâàëîâ Âÿ÷åñëàâ"]
[Black "Êàðëñîí Âëàäèëåí"]
[Result "0-1"]
[WhiteElo "2068"]
[BlackElo "2227"]
[Annotator ""]
[Source ""]
[Remark ""]

1.d4 Nf6 2.Nf3 g6 3.Nbd2 d5 4.e3 Bg7 5.b4 a5 6.b5 c5 7.c4 O-O
8.cxd5 cxd4 9.e4 e5 10.Ba3 Re8 11.Rb1 Nbd7 12.Be2 Nxd5 13.exd5
e4 14.O-O d3 15.Bxd3 exd3 16.Nc4 Nb6 17.Nd6 Nxd5 18.Qxd3 Nc3
19.Rb3 Bf5 20.Qc4 Be6 21.Qc5 Bxb3 22.Nxe8 Qxe8 23.axb3 Qxb5 24.Nd2
Qd3 25.Qe3 Qxe3 26.fxe3 b5 27.Kf2 Rd8 28.Nf3 b4 29.Bc1 Ne4+ 30.Ke2
Nc5 31.Nd2 Bc3 32.Nc4 Nxb3 33.e4 Rd4 34.Nb6 Rxe4+ 35.Kd3 Rd4+
36.Kc2 Nxc1 0-1

[Event ""]
[Site ""]
[Date "????.??.??"]
[Round "5"]
[White "Äåðáåíöåâà Èðèíà"]
[Black "Ãîðäèåâñêèé Äìèòðèé"]
[Result "0-1"]
[WhiteElo "2053"]
[BlackElo "2201"]
[Annotator ""]
[Source ""]
[Remark ""]

1.e4 c5 2.Nf3 d6 3.d4 cxd4 4.Nxd4 Nf6 5.Nc3 a6 6.Be2 Nbd7 7.O-O
g6 8.Bg5 Bg7 9.Kh1 O-O 10.Qd2 Re8 11.a4 b6 12.f4 Bb7 13.Bf3 Qc7
14.Rfe1 e5 15.Nb3 h6 16.fxe5 Nxe5 17.Bxh6 Nc4 18.Qc1 Bxh6 19.Qxh6
Nxb2 20.Ne2 Bxe4 21.Nbd4 Re5 22.Nf4 Qe7 23.h3 Qf8 24.Qh4 g5 25.Qg3
Qg7 26.Nh5 Nxh5 27.Bxh5 Rc8 28.Bxf7+ Qxf7 29.Rxe4 Rxe4 30.Qxg5+
Kh7 31.Nf3 Rg8 32.Qd2 Qf6 33.g4 Qh6 34.Qg2 Rexg4 35.Qh2 Rg2 36.Qxd6 0-1